Ministers reject home Bill fears (Record no. 65885)

MARC details
000 -LEADER
fixed length control field 00939cam a2200205 4500
001 - CONTROL NUMBER
control field WB3704-28
008 - FIXED-LENGTH DATA ELEMENTS--GENERAL INFORMATION
fixed length control field 000000n2001 000 0 eng u
035 ## - SYSTEM CONTROL NUMBER
System control number (Sirsi) u110527
245 ## - TITLE STATEMENT
Title Ministers reject home Bill fears
260 ## - PUBLICATION, DISTRIBUTION, ETC.
Date of publication, distribution, etc. 2001
490 ## - SERIES STATEMENT
Series statement Municipal Journal
Volume/sequential designation 19-25 January 2001, 8(1)
520 ## - SUMMARY, ETC.
Summary, etc. Concerns by trading standards staff over new duties to enforce sellers packs have been dismissed by ministers. Ministers have also ruled out exempting councils from providing seller's packs when selling council houses to tenants. Fears are that failure to provide a pack will mean ordinary people may be branded as criminals and tenants will force councils to carry out repairs before a sale is made.
590 ## - LOCAL NOTE (RLIN)
Local note WB
650 ## - SUBJECT ADDED ENTRY--TOPICAL TERM
Topical term or geographic name entry element HOME INFORMATION PACKS
650 ## - SUBJECT ADDED ENTRY--TOPICAL TERM
Topical term or geographic name entry element TRADING STANDARDS
650 ## - SUBJECT ADDED ENTRY--TOPICAL TERM
Topical term or geographic name entry element COUNCIL HOUSE SALES
650 ## - SUBJECT ADDED ENTRY--TOPICAL TERM
Topical term or geographic name entry element HOMES BILL 2001
690 ## - LOCAL SUBJECT ADDED ENTRY--TOPICAL TERM (OCLC, RLIN)
Topical term or geographic name as entry element PROPERTY AND LAND LAW-CONVEYANCING
942 ## - ADDED ENTRY ELEMENTS (KOHA)
Suppress in OPAC 0
Holdings
Withdrawn status Lost status Source of classification or shelving scheme Damaged status Not for loan Home library Current library Shelving location Date acquired Total Checkouts Full call number Barcode Date last seen Copy number Price effective from Koha item type
    Dewey Decimal Classification     London London News article 25/01/2001   WB3704-28 110527-1001 06/08/2019 1 06/08/2019 News article